书目信息 |
| 题名: |
单元机组运行
|
|
| 作者: | 牛卫东 主编 | |
| 分册: | ||
| 出版信息: | 北京 中国电力出版社 2013 |
|
| 页数: | 282页 | |
| 开本: | 26cm | |
| 丛书名: | 普通高等教育“十一五”国家级规划教材 | |
| 单 册: | ||
| 中图分类: | TM621.3-43 | |
| 科图分类: | ||
| 主题词: | 火电厂--huo dian chang--单元机组--电力系统运行--高等学校--教材 | |
| 电子资源: | ||
| ISBN: | 978-7-5123-3937-8 | |
| 000 | 01415nam 2200325 450 | |
| 001 | 012001003600 | |
| 005 | 20191216093838.73 | |
| 010 | @a978-7-5123-3937-8@dCNY45.00 | |
| 099 | @aCAL 012013126807 | |
| 100 | @a20131029d2013 em y0chiy50 ea | |
| 101 | 0 | @achi |
| 102 | @aCN@b110000 | |
| 105 | @aak a 000yy | |
| 106 | @ar | |
| 200 | 1 | @a单元机组运行@Adan yuan ji zu yun hang@f主编牛卫东 |
| 205 | @a第3版 | |
| 210 | @a北京@c中国电力出版社@d2013 | |
| 215 | @a282页@c图@d26cm | |
| 225 | 2 | @a普通高等教育“十一五”国家级规划教材@Apu tong gao deng jiao yu “shi yi wu ”guo jia ji gui hua jiao cai@i能源动力类专业 |
| 225 | 2 | @a普通高等教育“十二五”规划教材@Apu tong gao deng jiao yu “shi er wu ”gui hua jiao cai |
| 320 | @a有书目 (第282页) | |
| 330 | @a本书主要内容包括单元机组的启动和停运、单元机组运行调节、单元机组调峰及寿命分析、单元机组的控制和保护、辅机运行与顺序控制、单元机组事故处理等。 | |
| 333 | @a本书适用于本科热能与动力工程专业师生、高职高专电力技术类火电厂集控运行和电厂热能动力装置专业师生、从事火电厂工作的运行技术人员 | |
| 410 | 0 | @12001@@@a普通高等教育“十一五”国家级规划教材@i能源动力类专业 |
| 410 | 0 | @12001@@@a普通高等教育“十二五”规划教材 |
| 606 | 0 | @a火电厂@Ahuo dian chang@x单元机组@x电力系统运行@x高等学校@j教材 |
| 690 | @aTM621.3-43@v5 | |
| 701 | 0 | @a牛卫东@Aniu wei dong@4主编 |
| 801 | 2 | @aCN@b上海新华@c20191020 |
| 905 | @b1205953-5@dTM621.3-43@e26=3@f3 | |
| 单元机组运行/主编牛卫东.-第3版.-北京:中国电力出版社,2013 |
| 282页:图;26cm.-(普通高等教育“十一五”国家级规划教材.能源动力类专业).-(普通高等教育“十二五”规划教材) |
| 使用对象:本书适用于本科热能与动力工程专业师生、高职高专电力技术类火电厂集控运行和电厂热能动力装置专业师生、从事火电厂工作的运行技术人员 |
| ISBN 978-7-5123-3937-8:CNY45.00 |
| 本书主要内容包括单元机组的启动和停运、单元机组运行调节、单元机组调峰及寿命分析、单元机组的控制和保护、辅机运行与顺序控制、单元机组事故处理等。 |
| ● |
| 相关链接 |
|
|
|
|
正题名:单元机组运行
索取号:TM621.3-43/26=3
 
预约/预借
| 序号 | 登录号 | 条形码 | 馆藏地/架位号 | 状态 | 备注 |
| 1 | 1205953 | 212059537 | 第二样本阅览室/ [索取号:TM621.3-43/26=3] | 在馆 | |
| 2 | 1205954 | 212059546 | 第三借阅区/ [索取号:TM621.3-43/26=3] | 在馆 | |
| 3 | 1205955 | 212059555 | 第三借阅区/ [索取号:TM621.3-43/26=3] | 在馆 |